000 00341nam a2200157Ia 4500
008 100122s9999 xx 000 0 und d
082 _b74315
_a215
100 _aDAVIES PAUL
245 _aTHE MIND OF GOD
250 _a1
260 _c2008
300 _a254
630 _aTHE MIND OF GOD
730 _aTHE MIND OF GOD
942 _cBOOK
999 _c390313
_d390310